000 00382nam a2200169Ia 4500
005 20250423100519.0
008 250422s9999 xx 000 0 und d
020 _a1- 931841- 34- 9
050 _aQA 76.73 .P224 M45/
100 _aMeloni, Julie
245 0 _aPHP essentials
260 _aBoston
260 _bPremier Press
260 _c2003
300 _a326 p
942 _cBK
999 _c33538
_d33538